000
00246nam a22001097a 4500
008
170110b xxu||||| |||| 00| 0 eng d
020
_a
9781582554648
041
_a
eng
080
_a
618.2
245
_a
EMERGENCY NURSING
_c
WHITE, A
942
_2
udc
_c
BK
999
_c
2622
_d
2622